Paušálne výdavky (výdavky percentom z príjmov) v roku 2004
Článok sa zaoberá spôsobom zdanenia, pri ktorom sú výdavky stanovené percentom z príjmov. Venuje sa len príjmom z podnikania, inej samostatnej zárobkovej činnosti a z prenájmu.
Uložené v:
| Hlavný autor: | |
|---|---|
| Médium: | Kapitola |
| Jazyk: | Slovak |
| Predmet: | |
| Tagy: |
Žiadne tagy, Buďte prvý, kto otaguje tento záznam!
|
MARC
| LEADER | 00000naa$a2200000$$$4500 | ||
|---|---|---|---|
| 001 | 0017017 | ||
| 005 | 20240426091414.4 | ||
| 041 | 0 | |a slo | |
| 044 | |a SK | ||
| 245 | 1 | 0 | |a Paušálne výdavky (výdavky percentom z príjmov) v roku 2004 |c aut. Lea Zacharová |
| 520 | |a Článok sa zaoberá spôsobom zdanenia, pri ktorom sú výdavky stanovené percentom z príjmov. Venuje sa len príjmom z podnikania, inej samostatnej zárobkovej činnosti a z prenájmu. | ||
| 610 | 2 | 0 | |a dane z príjmov |
| 610 | 2 | 0 | |a dane paušálne |
| 610 | 2 | 0 | |a daňovníci |
| 610 | 2 | 0 | |a výdavky paušálne |
| 610 | 2 | 0 | |a 2004 |
| 100 | 1 | |a Zacharová, Lea | |